African Capitals by Letter - L - Statistics

General Stats
  • This quiz has been taken 96 times
  • The average score is 4 of 5
Answer Stats
Answer % Correct
Luanda
94%
Lusaka
90%
Libreville
88%
Lilongwe
88%
Lomé
85%
No matching quizzes found
Score Distribution
Percent of People with Each Score
Percentile by Number Answered
Your Score History
You have not taken this quiz